| 000 | 00987nam a22002537a 4500 | ||
|---|---|---|---|
| 005 | 20170124103020.0 | ||
| 010 | _a337560 | ||
| 020 | _c3.00 | ||
| 035 | _a337560 | ||
| 037 | _bCen Lib/Ret | ||
| 040 |
_aDPL _bHN |
||
| 082 |
_aउ _bयादव |
||
| 100 |
_aयादव, राजेन्द्र _942810 |
||
| 245 |
_aअनदेखे अनजान पुल / _cराजेन्द्र यादव |
||
| 246 |
_aAndekhe anjan pul / _bby Rajendra Yadav |
||
| 260 |
_aदिल्ली _bराजपाल एंड संस _c1969 |
||
| 270 |
_aपोस्ट बॉक्स 1064 _bदिल्ली |
||
| 300 |
_a158पृ. _c18सेमी (सजिल्द) |
||
| 650 |
_a हिन्दी साहित्य _960265 |
||
| 650 |
_a हिन्दी साहित्य -- उपन्यास _946379 |
||
| 650 |
_aHindi literature _960266 |
||
| 650 |
_aHindi literature -- Fiction _960267 |
||
| 942 |
_2ddc _cHN _hउ _mयादव |
||
| 999 |
_c115170 _d115170 |
||